Statistics for Country World champion of : Volleyball

Click here to take the quiz!

General Stats

  • This quiz has been taken 11 times
  • The average score is 8 of 12

Answer Stats

Golden MedalManWomanCountries% Correct
33Brazil
100%
211United States
100%
541Italy
89%
33Japan
89%
33Poland
89%
22Russia
89%
22China
78%
22Serbia
56%
33Cuba
33%
22Czechoslovakia
33%
1165USSR
33%
11East Germany
22%

Score Distribution

Percentile by Number Answered

Percent of People with Each Score

Your Score History

You have not taken this quiz